000 00844nam a2200253Ia 4500
003 OSt
005 20220923214443.0
006 a|||||r|||| 00| 0
007 ta
008 220922b |||||||| |||| 00| 0 hin d
020 _c12.5
024 _a169,675
037 _cTextual
040 _aARTS
_cARTS
_bhin
041 _2hin
_ahin
082 _aO152,3M901:g, K0
100 _aप्रसाद, सियारामशरण
245 0 _aवृन्दावनलाल वर्मा
_b साहित्य और समीक्षा
246 _aVṛundāvanalāl varmā: sāhitya aur samīkṣhā
260 _c1960
650 _aहिन्दी साहित्य
_9156264
942 _hO152,3M901:g, K0
_cTEXL
_2CC
999 _c324095
_d324095